00561nam a2200169 a 450000100100000000500170001000800410002702000150006804000250008308200150010810000280012324500410015126000330019230000360022595201130026199900170037400004400020201002045102.0140513s1974 sp ac 000 0 spa d a8432056057 aDO-SdBNPbspacBNPHU axxxxbxxxx1 aUmbral, Francisco9587714aLas españolas /cFrancisco Umbral. aBarcelona :bPlaneta,c1974. a350 p. :bil., retrs. ;c25 cm. 001050718MOaGRbGRcCTd2014-05-13iLF1l0oxxxx xxxxp44000-10r2020-06-25w2020-06-25y1ZNo se presta c43489d43489